Racionalizácia pomocných procesov vo výrobe

Enregistré dans:
Détails bibliographiques
Auteur principal: Leščišin, Michal
Format: Livre
Langue:slovaque
Publié: Bratislava Práca, vydavateľstvo ROH 1968
Tags: Ajouter un tag
Pas de tags, Soyez le premier à ajouter un tag!

MARC

LEADER 00000nam$a2200000$$$4500
001 0128082
005 20250910125839.0
041 0 |a slo 
044 |a SK 
245 1 0 |a Racionalizácia pomocných procesov vo výrobe  |c Michal Leščišin 
264 1 |a Bratislava  |b Práca, vydavateľstvo ROH  |c 1968 
300 |a 187 s. 
100 1 |a Leščišin, Michal